Esbozos y versiones / (Registro nro. 137888)

Detalles MARC
000 -LEADER
campo de control de longitud fija 00403nam a2200145 4500
001 - NÚMERO DE CONTROL
campo de control 137888
003 - IDENTIFICADOR DE NÚMERO DE CONTROL
campo de control ES-MaACL
005 - FECHA Y HORA DE LA ÚLTIMA TRANSACCIÓN
campo de control 20230906195448.0
007 - CAMPO FIJO DE DESCRIPCIÓN FÍSICA--INFORMACIÓN GENERAL
campo de control de longitud fija t|
008 - DATOS DE LONGITUD FIJA--INFORMACIÓN GENERAL
campo de control de longitud fija 070214s1907 ve r ||||1| spa d
100 1# - ENTRADA PRINCIPAL--NOMBRE DE PERSONA
Nombre de persona Saluzzo, Marco Antonio.
9 (RLIN) 102052
245 10 - MENCIÓN DEL TÍTULO
Título Esbozos y versiones /
Mención de responsabilidad, etc. Marco Antonio Saluzzo.
260 ## - PUBLICACIÓN, DISTRIBUCIÓN, ETC.
Lugar de publicación, distribución, etc. Caracas :
Nombre del editor, distribuidor, etc. [s. n.],
Fecha de publicación, distribución, etc. 1907 (
Fabricante Tip. Herrera)
852 ## - LOCALIZACIÓN
Ubicación ES-MaACL
Número de control de estantería T-1185-F-6
Existencias
Estatus retirado Estado de pérdida Estado de daño No para préstamo Colección Biblioteca de origen Biblioteca actual Ubicación en estantería Fecha de adquisición Fuente de adquisición Total de préstamos Signatura topográfica completa Código de barras Visto por última vez Precio de reemplazo Tipo de ítem Koha
        Colección de folletos Biblioteca del Ateneo de Madrid Biblioteca del Ateneo de Madrid Depósito folletos 17/01/2008     T-1185-F-6 1143488 23/02/2023 23/02/2023 Folleto